000 00428nab a2200145Ia 4500
003 ES-SlBCS
005 20210601125538.0
008 140529s1961 xxu||||| |||| 00| 0 eng d
041 _aeng
100 1 _aLeclerc, Ivor
_9140784
245 0 4 _aThe Structure of Form
_c Ivor Leclerc
650 0 4 _aEstructura
_9128888
773 0 _tRevue Internationale de Philosophie
_gvol. 15, nº. 56-57, 1961, págs. 185-203
_wRev889
942 _cAR
999 _c532061
_d532061